000 00583nam a22001817a 4500
005 20260515115023.0
008 240612b |||||||| |||| 00| 0 eng d
020 _a9789387035102
040 _aIN-DiNC
_cIN-DiNC
041 _dasm
082 _a891.4512
_bDEK
100 _aDeka, Pankaj Kumar
_eauthor
245 _aJudhottar jugar Asamiya natakat thaluwa kala shailir prayug:
_b(aashir dashakar bishesh ullikhansaha)/
_cby Pankaj Kumar Deka
260 _aGuwahati:
_bOlympia prakashan,
300 _a146p.
650 _aResearch book on Assamese drama of 1980's
942 _2ddc
_cBK
999 _c11831
_d11831